| 000 | 00700nam a22002417a 4500 | ||
|---|---|---|---|
| 003 | BDCtgAUW | ||
| 005 | 20260406181604.0 | ||
| 008 | 260316b nju||||| |||| 00| 0 eng d | ||
| 020 | _a9780470647684 | ||
| 040 |
_aBDCtgAUW _cBDCtgAUW _dBDCtgAUW |
||
| 050 |
_aQA303.2 _b.A575 |
||
| 100 | 1 | 0 |
_aAnton, Howard. _eAuthor _97919 |
| 245 |
_aCalculus : _bearly transcendentals single variable / |
||
| 250 | _a 10th ed. | ||
| 260 |
_aNew Jersey: _b Wiley, _c2012 |
||
| 300 |
_a 1 v.; _c 27 cm. |
||
| 490 | _aPart-2 | ||
| 650 |
_aCalculus _v Textbooks. _974072 |
||
| 700 | 1 | 0 |
_a Bivens, Irl. _eAuthor _974073 |
| 700 | 1 | 0 |
_a Davis, Stephen _eAuthor _974074 |
| 887 |
_28 _aPapia Akter |
||
| 942 |
_2lcc _cBK _n0 |
||
| 999 |
_c16354 _d16354 |
||
| 888 | _28 | ||